| 000 | 00766nam a2200229Ia 4500 | ||
|---|---|---|---|
| 001 | 16864 | ||
| 003 | GE_BSU | ||
| 008 | 181216s||||||||xx |||||||||||||| ||und|| | ||
| 040 | _cGE_BSU | ||
| 080 | _a82-93:821.353.1-312.9 | ||
| 100 | _aბასილაია, მ. | ||
| 245 | _aბრძოლა კოსმოსში | ||
| 245 | _bფანტასტ. მოთხრობა | ||
| 245 | _cრედ.რ.ინანიშვილი.ილ.: რ. ცუცქირიძე | ||
| 260 | _aთბილისი | ||
| 260 | _bნაკადული | ||
| 260 | _c1960 | ||
| 300 | _a86გვ.;ილ.20სმ. | ||
| 653 | _aბრძოლა კოსმოსში | ||
| 653 | _aფანტასტ. მოთხრობა | ||
| 942 | _cBK | ||
| 999 |
_c49928 _d49928 |
||